|
|
|
|
| LEADER |
00000nam0a2200000 4500 |
| 001 |
250991 |
| 005 |
20231101232620.0 |
| 010 |
|
|
|a 5120005276
|
| 020 |
|
|
|a RU
|b 89-16214
|
| 035 |
|
|
|a (RuTPU)RU\TPU\book\273233
|
| 090 |
|
|
|a 250991
|
| 100 |
|
|
|a 20140218d1989 k a0rusy5003 ca
|
| 101 |
0 |
|
|a rus
|
| 102 |
|
|
|a UA
|
| 105 |
|
|
|a a z 001zy
|
| 200 |
1 |
|
|a Введение в кибернетическую технику. Параллельные структуры и методы
|f Б. Н. Малиновский, В. П. Боюн, Л. Г. Козлов
|g Академия наук Украинской ССР (АН УССР), Институт кибернетики (ИК)
|
| 210 |
|
|
|a Киев
|c Наукова думка
|d 1989
|
| 215 |
|
|
|a 245 с.
|c ил.
|
| 320 |
|
|
|a Библиогр.: с. 232-244
|
| 606 |
1 |
|
|a Кибернетика техническая
|2 stltpush
|3 (RuTPU)RU\TPU\subj\39479
|9 59558
|
| 610 |
1 |
|
|a вычислительные системы
|
| 610 |
1 |
|
|a мультипрограммирование
|
| 610 |
1 |
|
|a информация
|
| 610 |
1 |
|
|a обработка
|
| 610 |
1 |
|
|a системы реального времени
|
| 610 |
1 |
|
|a вычислительные устройства
|
| 610 |
1 |
|
|a алгоритмы
|
| 610 |
1 |
|
|a построение
|
| 610 |
1 |
|
|a архитектура
|
| 610 |
1 |
|
|a специализированные процессы
|
| 675 |
|
|
|a 681.51:681.3
|z rus
|v 3
|
| 700 |
|
1 |
|a Малиновский
|b Б. Н.
|g Борис Николаевич
|
| 701 |
|
1 |
|a Боюн
|b В. П.
|g Виталий Петрович
|
| 701 |
|
1 |
|a Козлов
|b Л. Г.
|g Леонид Григорьевич
|
| 712 |
0 |
2 |
|a Академия наук Украинской ССР (АН УССР)
|b Институт кибернетики (ИК)
|c (Киев)
|c (1962-1991)
|2 stltpush
|3 (RuTPU)RU\TPU\col\11437
|
| 801 |
|
0 |
|a RU
|b RuMRKP
|c 19950417
|g psbo
|
| 801 |
|
1 |
|a RU
|b 63413507
|c 20140218
|
| 801 |
|
2 |
|a RU
|b 63413507
|c 20160627
|g RCR
|
| 942 |
|
|
|c BK
|